000 015590000a22001930004500
020 _a84-7057-355-1
082 0 4 _aG 956.9401 C3863h
100 1 _aCazelles, Henri
245 1 0 _aHistoria política de Israel : desde los orígenes a Alejandro Magno / Henri Cazelles ; traducido por J. Luis Sierra
260 _aMadrid : Cristiandad
300 _a251 p.
440 0 _aIntroducción a la lectura de la Biblia ; no.1
500 _aTítulo original en Francés: Histoire politiquen d'Israël: des origines à Alexandre le Grand
501 _arústica
505 0 0 _aIntroducción: La historiografía de Israel -- Las fuentes -- El método y los métodos \I Parte: Antes de la monarquía de David: las tribus -- Los agrupamientos de tribus -- Hacia la independencia -- La vida de las tribuas\ II Parte: Ocupación y amenazas: El establecimiento de las tribus -- El Israel de la época de los Jueces\ III. Parte: La monarquía israelita unificada: El rey en el antiguo Oriente -- La monarquía de Saúl -- David (en torno al 1000 a.C.) -- Salomón (alrededor del 950 a.C.) -- La civilización salomónica\IV Parte: Las dos monarquías: Israel y Judá: El reino de Israel y la suerte de Judá -- La guerra siro-efaimita la caída de Samaría -- Ezequías de Judá y sus sucesores -- Josías -- Fin del reino davídico\V. Parte: De Nabucodonosor a Alejandro (587-332): bajo la dominación de Babilonia -- Sesbasar y Zorobabel -- Nehemías y Esdras
650 1 4 _aHISTORIA - ISRAEL (1000 - 485 a. C.) \ MONARQUIA - ISRAEL - JUDA
001 17870
942 _cBK
999 _c44365
_d44365